Estatísticas para Nova Iorque

Clique aqui para jogar o quiz

Estatísticas Gerais

  • Esse quiz foi jogado 18 vezes
  • A pontuação média é 6 de 15

Estatísticas das Respostas

Resposta% Correto
The New York Times
93%
Estatua da Liberdade
86%
Times Square
86%
Central Park
64%
Empire State Building
43%
Ponte do Brooklyn
43%
Chinatown
21%
Museu Solomon R. Guggenheim
21%
Yankee Stadium
21%
Albany
14%
Metropolitan Museum of Art
14%
Nova Iorque
14%
Quinta Avenida
14%
Rockefeller Center
14%
The Museum of Modern Art
14%

Distribuição das Pontuações

Percentil de Números Respondidos

Porcentagem de Pessoas com Cada Pontuação

Sua Pontuação Histórica

Você não jogou esse quiz